Statistics for Hardest flag quiz ever!

Click here to take the quiz!

General Stats

  • This quiz has been taken 727 times
  • The average score is 10 of 15

Answer Stats

Answer% Correct
Bolivia
88%
Belgium
82%
Vietnam
80%
Hungary
79%
Venezuela
79%
Thailand
78%
Malaysia
77%
San Marino
77%
Liechtenstein
76%
Moldova
75%
Madagascar
72%
Benin
68%
American Samoa
48%
Montenegro
27%
Catalan
14%

Score Distribution

Percentile by Number Answered

Percent of People with Each Score

Your Score History

You have not taken this quiz